{"text_format":"3","workbook":"xlsx","n_sheets":1,"sheets":["t355"],"read":"whole","date_system":"1900"}

{"sheet":"t355","index":0,"n_rows":173,"n_cols":7,"rows_kept":173,"merged":[[0,0,0,6],[30,0,30,5],[45,0,45,5],[156,0,156,5]]}
["TABELA 355.1 - Estatísticas Agrícolas, Município de Morro Agudo, Estado de São Paulo, 2007/08."]
["ITEM","UNIDADE","N.DE UPAs","MÍNIMO","MÉDIO","MÁXIMO","TOTAL"]
["Distância à sede do município","km",684,0.1,{"v":15.75,"d":"15.8"},{"v":50,"d":"50.0"},"-"]
["Área total","hectare",684,2.6,{"v":198.15,"d":"198.2"},{"v":3603.9,"d":"3,603.9"},{"v":135533.4,"d":"135,533.4"}]
["Área com cultura perene","hectare",2,17.5,{"v":98.75,"d":"98.8"},{"v":180,"d":"180.0"},197.5]
["Área com cultura temporária","hectare",675,{"v":1,"d":"1.0"},{"v":171.69,"d":"171.7"},{"v":2889.4,"d":"2,889.4"},{"v":115893,"d":"115,893.0"}]
["Área com pastagem","hectare",205,0.5,37.2,{"v":1210,"d":"1,210.0"},{"v":7626.4,"d":"7,626.4"}]
["Área com reflorestamento","hectare",12,{"v":1,"d":"1.0"},{"v":18.41,"d":"18.4"},{"v":110,"d":"110.0"},220.9]
["Área com vegetação natural","hectare",271,0.4,{"v":23.41,"d":"23.4"},{"v":1047,"d":"1,047.0"},{"v":6342.9,"d":"6,342.9"}]
["Área com vegetação de brejo e várzea","hectare",19,0.8,{"v":7.36,"d":"7.4"},42.2,{"v":139.9044,"d":"139.9"}]
["Área em descanso","hectare",61,0.1,{"v":11.34,"d":"11.3"},75.5,691.9]
["Área complementar","hectare",623,0.1,7.1,{"v":238,"d":"238.0"},{"v":4420.9,"d":"4,420.9"}]
["Área das UPAs com (0, 1] ha","hectare","-","-","-","-","-"]
["Área das UPAs com (1, 2] ha","hectare","-","-","-","-","-"]
["Área das UPAs com (2, 5] ha","hectare",6,2.6,3.8,{"v":5,"d":"5.0"},22.8]
["Área das UPAs com (5, 10] ha","hectare",43,5.4,{"v":8.56,"d":"8.6"},{"v":10,"d":"10.0"},{"v":368,"d":"368.0"}]
["Área das UPAs com (10, 20] ha","hectare",48,10.3,{"v":15.99,"d":"16.0"},19.8,767.4]
["Área das UPAs com (20, 50] ha","hectare",139,20.2,{"v":32.99,"d":"33.0"},49.6,{"v":4585,"d":"4,585.0"}]
["Área das UPAs com (50, 100] ha","hectare",133,50.8,{"v":72.01,"d":"72.0"},99.2,{"v":9577.7,"d":"9,577.7"}]
["Área das UPAs com (100, 200] ha","hectare",132,100.9,{"v":142.82,"d":"142.8"},199.4,{"v":18852.6,"d":"18,852.6"}]
["Área das UPAs com (200, 500] ha","hectare",115,201.5,{"v":306.45,"d":"306.5"},{"v":498,"d":"498.0"},{"v":35242.2,"d":"35,242.2"}]
["Área das UPAs com (500, 1.000] ha","hectare",52,502.2,{"v":689.59,"d":"689.6"},994.7,{"v":35858.9,"d":"35,858.9"}]
["Área das UPAs com (1.000, 2.000] ha","hectare",10,{"v":1061.4,"d":"1,061.4"},{"v":1347.25,"d":"1,347.3"},{"v":1778.5,"d":"1,778.5"},{"v":13472.5,"d":"13,472.5"}]
["Área das UPAs com (2.000, 5.000] ha","hectare",6,{"v":2025.5,"d":"2,025.5"},{"v":2797.72,"d":"2,797.7"},{"v":3603.9,"d":"3,603.9"},{"v":16786.3,"d":"16,786.3"}]
["Área das UPAs com (5.000, 10.000] ha","hectare","-","-","-","-","-"]
["Área das UPAs acima de 10.000 ha","hectare","-","-","-","-","-"]
["Familiares do proprietário que trabalham na UPA","unidade",447,{"v":1,"d":"1.0"},{"v":1.07,"d":"1.1"},{"v":5,"d":"5.0"},{"v":479,"d":"479.0"}]
["Trabalhadores permanentes","unidade",245,{"v":1,"d":"1.0"},9.6,{"v":990,"d":"990.0"},{"v":2353,"d":"2,353.0"}]
["Fonte: Secretaria de Agricultura e Abastecimento, CDRS/IEA, Projeto LUPA."]
[]
["TABELA 355.2 - Explorações Animais, Município de Morro Agudo, Estado de São Paulo, 2007/08."]
["ITEM","UNIDADE","N.DE UPAs","MÍNIMO","MÉDIO","MÁXIMO","TOTAL"]
["Asininos E Muares","cabeças",2,{"v":5,"d":"5.0"},{"v":5,"d":"5.0"},{"v":5,"d":"5.0"},{"v":10,"d":"10.0"}]
["Avicultura de Corte","cabeças/ano",4,{"v":1200,"d":"1,200.0"},{"v":136800,"d":"136,800.0"},{"v":384000,"d":"384,000.0"},{"v":547200,"d":"547,200.0"}]
["Avicultura para Ovos","cabeças",1,{"v":700,"d":"700.0"},{"v":700,"d":"700.0"},{"v":700,"d":"700.0"},{"v":700,"d":"700.0"}]
["Bovinocultura de Corte","cabeças",79,{"v":1,"d":"1.0"},{"v":132.42,"d":"132.4"},{"v":1248,"d":"1,248.0"},{"v":10461,"d":"10,461.0"}]
["Bovinocultura Leiteira","cabeças",56,{"v":1,"d":"1.0"},{"v":19.09,"d":"19.1"},{"v":200,"d":"200.0"},{"v":1069,"d":"1,069.0"}]
["Bovinocultura Mista","cabeças",46,{"v":1,"d":"1.0"},{"v":32.57,"d":"32.6"},{"v":264,"d":"264.0"},{"v":1498,"d":"1,498.0"}]
["Caprinocultura","cabeças",2,{"v":50,"d":"50.0"},{"v":115,"d":"115.0"},{"v":180,"d":"180.0"},{"v":230,"d":"230.0"}]
["Equinocultura","cabeças",27,{"v":1,"d":"1.0"},{"v":21.59,"d":"21.6"},{"v":80,"d":"80.0"},{"v":583,"d":"583.0"}]
["Ovinocultura","cabeças",6,{"v":10,"d":"10.0"},{"v":66.67,"d":"66.7"},{"v":180,"d":"180.0"},{"v":400,"d":"400.0"}]
["Piscicultura","m² tanques",5,{"v":1000,"d":"1,000.0"},{"v":13180,"d":"13,180.0"},{"v":30000,"d":"30,000.0"},{"v":65900,"d":"65,900.0"}]
["Suinocultura","cabeças",8,{"v":2,"d":"2.0"},{"v":32.88,"d":"32.9"},{"v":100,"d":"100.0"},{"v":263,"d":"263.0"}]
["Fonte: Secretaria de Agricultura e Abastecimento, CDRS/IEA, Projeto LUPA."]
[]
["TABELA 355.3 -  Máquinas, Implementos e Benfeitorias, Município de Morro Agudo, Estado de São Paulo, 2007/08."]
["ITEM","UNIDADE","N.DE UPAs","MÍNIMO","MÉDIO","MÁXIMO","TOTAL"]
["Arado Comum (Bacia, Aiveca)","Unidade",26,{"v":1,"d":"1.0"},{"v":1.77,"d":"1.8"},{"v":7,"d":"7.0"},{"v":46,"d":"46.0"}]
["Arado Escarificador","Unidade",115,{"v":1,"d":"1.0"},{"v":2.03,"d":"2.0"},{"v":10,"d":"10.0"},{"v":234,"d":"234.0"}]
["Arado Subsolador","Unidade",62,{"v":1,"d":"1.0"},{"v":1.29,"d":"1.3"},{"v":7,"d":"7.0"},{"v":80,"d":"80.0"}]
["Batedeira de Cereais","Unidade",5,{"v":1,"d":"1.0"},1.2,{"v":2,"d":"2.0"},{"v":6,"d":"6.0"}]
["Câmara Fria","Unidade",3,{"v":1,"d":"1.0"},{"v":1,"d":"1.0"},{"v":1,"d":"1.0"},{"v":3,"d":"3.0"}]
["Carregadeira de Cana","Unidade",44,{"v":1,"d":"1.0"},{"v":1.91,"d":"1.9"},{"v":10,"d":"10.0"},{"v":84,"d":"84.0"}]
["Colhedeira Acoplada","Unidade",4,{"v":1,"d":"1.0"},{"v":1,"d":"1.0"},{"v":1,"d":"1.0"},{"v":4,"d":"4.0"}]
["Colhedeira Automotriz","Unidade",39,{"v":1,"d":"1.0"},{"v":1.56,"d":"1.6"},{"v":4,"d":"4.0"},{"v":61,"d":"61.0"}]
["Computador","Unidade",1,{"v":1,"d":"1.0"},{"v":1,"d":"1.0"},{"v":1,"d":"1.0"},{"v":1,"d":"1.0"}]
["Conj.Irrigação Autopropelido","Unidade",4,{"v":1,"d":"1.0"},{"v":1.25,"d":"1.3"},{"v":2,"d":"2.0"},{"v":5,"d":"5.0"}]
["Conj.Irrigação Convencional","Unidade",3,{"v":1,"d":"1.0"},{"v":1.67,"d":"1.7"},{"v":2,"d":"2.0"},{"v":5,"d":"5.0"}]
["Conj.Irrigação Pivot Central","Unidade",11,{"v":1,"d":"1.0"},{"v":1.73,"d":"1.7"},{"v":4,"d":"4.0"},{"v":19,"d":"19.0"}]
["Conj.Irrigação/Gotejamento/Microaspersão","Unidade",3,{"v":1,"d":"1.0"},{"v":1,"d":"1.0"},{"v":1,"d":"1.0"},{"v":3,"d":"3.0"}]
["Conjunto de Fenação","Unidade",6,{"v":1,"d":"1.0"},{"v":1.17,"d":"1.2"},{"v":2,"d":"2.0"},{"v":7,"d":"7.0"}]
["Desintegrador de Palha (Plantio Direto)","Unidade",2,{"v":1,"d":"1.0"},1.5,{"v":2,"d":"2.0"},{"v":3,"d":"3.0"}]
["Desintegrador, Picador, Triturador","Unidade",81,{"v":1,"d":"1.0"},{"v":1.15,"d":"1.2"},{"v":3,"d":"3.0"},{"v":93,"d":"93.0"}]
["Distribuidor de Calcário","Unidade",7,{"v":1,"d":"1.0"},{"v":1.14,"d":"1.1"},{"v":2,"d":"2.0"},{"v":8,"d":"8.0"}]
["Ensiladeira","Unidade",32,{"v":1,"d":"1.0"},{"v":1.09,"d":"1.1"},{"v":3,"d":"3.0"},{"v":35,"d":"35.0"}]
["Grade Aradora (Tipo Romi)","Unidade",11,{"v":1,"d":"1.0"},{"v":1,"d":"1.0"},{"v":1,"d":"1.0"},{"v":11,"d":"11.0"}]
["Grade Niveladora","Unidade",15,{"v":1,"d":"1.0"},1.6,{"v":6,"d":"6.0"},{"v":24,"d":"24.0"}]
["Implementos para Tração Animal","Unidade",2,{"v":1,"d":"1.0"},{"v":1,"d":"1.0"},{"v":1,"d":"1.0"},{"v":2,"d":"2.0"}]
["Microtrator","Unidade",6,{"v":1,"d":"1.0"},{"v":1,"d":"1.0"},{"v":1,"d":"1.0"},{"v":6,"d":"6.0"}]
["Misturador de Ração","Unidade",9,{"v":1,"d":"1.0"},{"v":1.11,"d":"1.1"},{"v":2,"d":"2.0"},{"v":10,"d":"10.0"}]
["Ordenhadeira Mecânica","Unidade",4,{"v":1,"d":"1.0"},{"v":1.25,"d":"1.3"},{"v":2,"d":"2.0"},{"v":5,"d":"5.0"}]
["Pulverizador Tratorizado","Unidade",104,{"v":1,"d":"1.0"},{"v":1.64,"d":"1.6"},{"v":5,"d":"5.0"},{"v":171,"d":"171.0"}]
["Resfriador de Leite, Tanque Expansão","Unidade",6,{"v":1,"d":"1.0"},{"v":1,"d":"1.0"},{"v":1,"d":"1.0"},{"v":6,"d":"6.0"}]
["Semeadeira/Adubadeira para Plantio Convencional","Unidade",10,{"v":1,"d":"1.0"},1.4,{"v":3,"d":"3.0"},{"v":14,"d":"14.0"}]
["Semeadeira/Plantadeira Plantio Direto","Unidade",95,{"v":1,"d":"1.0"},{"v":1.65,"d":"1.7"},{"v":8,"d":"8.0"},{"v":157,"d":"157.0"}]
["Terraceador","Unidade",33,{"v":1,"d":"1.0"},{"v":1.15,"d":"1.2"},{"v":3,"d":"3.0"},{"v":38,"d":"38.0"}]
["Trator de Esteiras","Unidade",4,{"v":1,"d":"1.0"},{"v":2,"d":"2.0"},{"v":3,"d":"3.0"},{"v":8,"d":"8.0"}]
["Trator de Pneus","Unidade",155,{"v":1,"d":"1.0"},{"v":3.79,"d":"3.8"},{"v":27,"d":"27.0"},{"v":587,"d":"587.0"}]
["Açude/Represa","Unidade",135,{"v":1,"d":"1.0"},{"v":1.83,"d":"1.8"},{"v":16,"d":"16.0"},{"v":247,"d":"247.0"}]
["Almoxarifado/Oficina","Unidade",52,{"v":1,"d":"1.0"},{"v":1.19,"d":"1.2"},{"v":5,"d":"5.0"},{"v":62,"d":"62.0"}]
["Armazém para Grãos Ensacados","Sacas",26,{"v":1,"d":"1.0"},{"v":20123,"d":"20,123.0"},{"v":90000,"d":"90,000.0"},{"v":523198,"d":"523,198.0"}]
["Balança para Bovinos","Unidade",17,{"v":1,"d":"1.0"},{"v":1.12,"d":"1.1"},{"v":2,"d":"2.0"},{"v":19,"d":"19.0"}]
["Balança para Veículos","Unidade",8,{"v":1,"d":"1.0"},{"v":1.63,"d":"1.6"},{"v":5,"d":"5.0"},{"v":13,"d":"13.0"}]
["Barracão para Bicho da Seda/Sirgaria","Unidade",1,{"v":1,"d":"1.0"},{"v":1,"d":"1.0"},{"v":1,"d":"1.0"},{"v":1,"d":"1.0"}]
["Barracão para Granja/Avicultura","Unidade",11,{"v":1,"d":"1.0"},{"v":1.36,"d":"1.4"},{"v":3,"d":"3.0"},{"v":15,"d":"15.0"}]
["Barracão/Galpão/Garagem","Unidade",227,{"v":1,"d":"1.0"},{"v":1.36,"d":"1.4"},{"v":9,"d":"9.0"},{"v":309,"d":"309.0"}]
["Casa de Moradia Habitada","Unidade",237,{"v":1,"d":"1.0"},{"v":2.38,"d":"2.4"},{"v":38,"d":"38.0"},{"v":563,"d":"563.0"}]
["Casa de Moradia Total","Unidade",269,{"v":1,"d":"1.0"},{"v":3.51,"d":"3.5"},{"v":50,"d":"50.0"},{"v":943,"d":"943.0"}]
["Curral/Mangueira","Unidade",181,{"v":1,"d":"1.0"},{"v":1.06,"d":"1.1"},{"v":3,"d":"3.0"},{"v":191,"d":"191.0"}]
["Depósito/Tulha","Unidade",31,{"v":1,"d":"1.0"},{"v":1.19,"d":"1.2"},{"v":3,"d":"3.0"},{"v":37,"d":"37.0"}]
["Engenho","Unidade",2,{"v":1,"d":"1.0"},{"v":1,"d":"1.0"},{"v":1,"d":"1.0"},{"v":2,"d":"2.0"}]
["Estábulo","Unidade",10,{"v":1,"d":"1.0"},{"v":1,"d":"1.0"},{"v":1,"d":"1.0"},{"v":10,"d":"10.0"}]
["Fábrica de Ração","Unidade",8,{"v":1,"d":"1.0"},{"v":1,"d":"1.0"},{"v":1,"d":"1.0"},{"v":8,"d":"8.0"}]
["Instalações para Equinos","Unidade",26,{"v":1,"d":"1.0"},{"v":2.58,"d":"2.6"},{"v":18,"d":"18.0"},{"v":67,"d":"67.0"}]
["Máquina de Benefício","Unidade",7,{"v":1,"d":"1.0"},{"v":1.14,"d":"1.1"},{"v":2,"d":"2.0"},{"v":8,"d":"8.0"}]
["Olaria","Unidade",1,{"v":1,"d":"1.0"},{"v":1,"d":"1.0"},{"v":1,"d":"1.0"},{"v":1,"d":"1.0"}]
["Packing House","Unidade",1,{"v":1,"d":"1.0"},{"v":1,"d":"1.0"},{"v":1,"d":"1.0"},{"v":1,"d":"1.0"}]
["Pocilga","Unidade",22,{"v":1,"d":"1.0"},{"v":1.05,"d":"1.1"},{"v":2,"d":"2.0"},{"v":23,"d":"23.0"}]
["Poço Semi-Artesiano","Unidade",22,{"v":1,"d":"1.0"},{"v":1.14,"d":"1.1"},{"v":2,"d":"2.0"},{"v":25,"d":"25.0"}]
["Posto Meteorológico","Unidade",1,{"v":1,"d":"1.0"},{"v":1,"d":"1.0"},{"v":1,"d":"1.0"},{"v":1,"d":"1.0"}]
["Secador de Grãos","Unidade",4,{"v":1,"d":"1.0"},{"v":1,"d":"1.0"},{"v":1,"d":"1.0"},{"v":4,"d":"4.0"}]
["Silo para Grãos","t",6,{"v":60,"d":"60.0"},{"v":10741.67,"d":"10,741.7"},{"v":30000,"d":"30,000.0"},{"v":64450,"d":"64,450.0"}]
["Silo para Silagem","t",16,{"v":1,"d":"1.0"},{"v":3255.06,"d":"3,255.1"},{"v":50000,"d":"50,000.0"},{"v":52081,"d":"52,081.0"}]
["Terreiro","m²",18,{"v":1,"d":"1.0"},{"v":1525.39,"d":"1,525.4"},{"v":8000,"d":"8,000.0"},{"v":27457,"d":"27,457.0"}]
["Usina de Açúcar/destilaria","Unidade",1,{"v":1,"d":"1.0"},{"v":1,"d":"1.0"},{"v":1,"d":"1.0"},{"v":1,"d":"1.0"}]
["Fonte: Secretaria de Agricultura e Abastecimento, CDRS/IEA, Projeto LUPA."]
[]
["TABELA 355.4 - Outras Estatísticas Agrícolas, Município de Morro Agudo, Estado de São Paulo, 2007/08."]
["ITEM","Número de UPAs",null,"Percentual"]
["Faz Parte de Associação de Produtores",301,null,{"v":44.005847953216374,"d":"44.0"}]
["Faz Parte de Cooperativa de Produtores",538,null,{"v":78.65497076023392,"d":"78.7"}]
["Faz Parte do Sindicato de Produtores",347,null,{"v":50.730994152046776,"d":"50.7"}]
["Não utiliza assistência técnica ",87,null,{"v":12.719298245614034,"d":"12.7"}]
["Utiliza somente assistência técnica governamental ",438,null,{"v":64.03508771929825,"d":"64.0"}]
["Utiliza somente assistência técnica privada ",26,null,{"v":3.801169590643275,"d":"3.8"}]
["Utiliza assistência técnica tanto governamental quanto privada",133,null,{"v":19.444444444444446,"d":"19.4"}]
["Utiliza Crédito Rural",121,null,{"v":17.690058479532162,"d":"17.7"}]
["Utiliza Seguro Rural",10,null,{"v":1.4619883040935673,"d":"1.5"}]
["Utiliza Escrituração Agrícola",672,null,{"v":98.24561403508771,"d":"98.2"}]
["Acessa Internet p/ Fins na Agropecuária",35,null,{"v":5.116959064327485,"d":"5.1"}]
["Utiliza Computador nas Atividades Agropecuárias",278,null,{"v":40.64327485380117,"d":"40.6"}]
["Utiliza Energia Elétrica Para Uso na Atividade Agrícola",361,null,{"v":52.77777777777778,"d":"52.8"}]
["Realiza Análise de Solo, quando necessário",647,null,{"v":94.5906432748538,"d":"94.6"}]
["Utiliza Práticas de Conservação de Solo, quando necessário",677,null,{"v":98.9766081871345,"d":"99.0"}]
["Faz Adubação Mineral, quando necessário",660,null,{"v":96.49122807017544,"d":"96.5"}]
["Faz Adubação Orgânica, quando necessário",12,null,{"v":1.7543859649122806,"d":"1.8"}]
["Faz Adubação Verde, quando necessário",14,null,{"v":2.046783625730994,"d":"2.0"}]
["Utiliza Manejo Integrado de Pragas (MIP)","-",null,"-"]
["Utiliza Hidroponia","-",null,"-"]
["Utiliza Plasticultura",8,null,{"v":1.1695906432748537,"d":"1.2"}]
["Utiliza Mudas Fiscalizadas",600,null,{"v":87.71929824561403,"d":"87.7"}]
["Utiliza Semente Melhorada",421,null,{"v":61.54970760233918,"d":"61.5"}]
["Faz Confinamento de Bovinos",8,null,{"v":1.1695906432748537,"d":"1.2"}]
["Utiliza Pastejo Intensivo",100,null,{"v":14.619883040935672,"d":"14.6"}]
["Faz Inseminação Artificial",8,null,{"v":1.1695906432748537,"d":"1.2"}]
["Faz Mineralização do Rebanho",115,null,{"v":16.81286549707602,"d":"16.8"}]
["Faz Vermifugação do Rebanho",114,null,{"v":16.666666666666668,"d":"16.7"}]
["Possui Parceiros /Arrendatários na Exploração Animal",96,null,{"v":14.035087719298247,"d":"14.0"}]
["Esporte e lazer",1,null,{"v":0.14619883040935672,"d":"0.1"}]
["Extração mineral","-",null,"-"]
["Hotel Fazenda, Pousada ou SPA","-",null,"-"]
["Pesque-pague",1,null,{"v":0.14619883040935672,"d":"0.1"}]
["Restaurante ou Lanchonete","-",null,"-"]
["Transformação artesanal","-",null,"-"]
["Turismo rural ou ecoturismo","-",null,"-"]
["Outras atividades econômicas rurais","-",null,"-"]
["Agroindústria",1,null,{"v":0.14619883040935672,"d":"0.1"}]
["Proprietário sem instrução ou com instrução incompleta",5,null,{"v":0.7309941520467835,"d":"0.7"}]
["Proprietário com antigo primário completo",131,null,{"v":19.15204678362573,"d":"19.2"}]
["Proprietário com 1° grau (ou antigo ginasial) completo",42,null,{"v":6.140350877192982,"d":"6.1"}]
["Proprietário com 2° grau (ou antigo colegial) completo",166,null,{"v":24.269005847953213,"d":"24.3"}]
["Proprietário com curso superior completo ",265,null,{"v":38.74269005847953,"d":"38.7"}]
["Pessoa Jurídica",75,null,{"v":10.964912280701753,"d":"11.0"}]
["Proprietário residente na própria UPA ",42,null,{"v":6.140350877192982,"d":"6.1"}]
["Fonte: Secretaria de Agricultura e Abastecimento, CDRS/IEA, Projeto LUPA."]
[]
["TABELA 355.5 - Área Cultivada, Município de Morro Agudo, Estado de São Paulo, 2007/08."]
["CULTURA","N.DE UPAs","MÍNIMO","MÉDIO","MÁXIMO","TOTAL"]
["Cana-de-acucar",663,{"v":1,"d":"1.0"},{"v":171.82,"d":"171.8"},{"v":2889.4,"d":"2,889.4"},{"v":113918,"d":"113,918.0"}]
["Soja",184,4.8,{"v":66.25,"d":"66.3"},465.1,{"v":12190.1,"d":"12,190.1"}]
["Braquiaria",198,0.5,{"v":37.05,"d":"37.1"},{"v":1210,"d":"1,210.0"},{"v":7335.9,"d":"7,335.9"}]
["Milho",22,{"v":1,"d":"1.0"},{"v":55.39,"d":"55.4"},760.6,{"v":1218.5,"d":"1,218.5"}]
["Amendoim",15,3.6,{"v":34.51,"d":"34.5"},{"v":100,"d":"100.0"},517.6]
["Eucalipto",12,{"v":1,"d":"1.0"},{"v":18.41,"d":"18.4"},{"v":110,"d":"110.0"},220.9]
["Banana",1,{"v":180,"d":"180.0"},{"v":180,"d":"180.0"},{"v":180,"d":"180.0"},{"v":180,"d":"180.0"}]
["Coloniao",2,{"v":2,"d":"2.0"},{"v":54.35,"d":"54.4"},106.7,108.7]
["Capim-jaragua",1,{"v":106,"d":"106.0"},{"v":106,"d":"106.0"},{"v":106,"d":"106.0"},{"v":106,"d":"106.0"}]
["Outras gramineas para pastagem",3,2.4,16.8,{"v":33,"d":"33.0"},50.4]
["Sorgo",2,9.4,{"v":11.95,"d":"12.0"},14.5,23.9]
["Gramas",3,{"v":1,"d":"1.0"},{"v":7.67,"d":"7.7"},{"v":20,"d":"20.0"},{"v":23,"d":"23.0"}]
["Seringueira",1,17.5,17.5,17.5,17.5]
["Capim-napier (ou capim-elefante)",1,2.4,2.4,2.4,2.4]
["Fonte: Secretaria de Agricultura e Abastecimento, CDRS/IEA, Projeto LUPA."]